000 01528nam a2200289Ia 4500
999 _c52564
_d52564
001 19588
003 GE_BSU
005 20250314121022.0
008 181216s2016||||ge |||||||||||||| ||geo||
010 _a9789941244766
040 _cGE_BSU
041 _ageo
080 _a27-36 თ-56
245 _aႧვენი. [ტ. 7], 1 მარტი - 10 მარტი (ახალი სტილით 14 მარტი - 23 მარტი) /
_cპროექტის ავტორი და რედაქტორი თამარ მამაცაშვილი ; შემდგენელი მანანა ტუაევა ; დიზაინერი რატი თორდია.
264 _aთბილისი :
_bპალიტრა L,
_c2016.
300 _a248 გვ. ;
_c21 სმ/
490 _aჟურნალ "კარიბჭის" ბიბლიოთეკა
541 _h6ლ.
653 _aთვენი. 1 მარტი-10 მარტი 7
653 _aმართლმადიდებლური ეკლესია
653 _aწმინდანთა ცხოვრება
653 _aრელიგია
700 _a მამაცაშვილი, თამარ
_eავტორი, რედაქტორი
_924559
700 _aტუაევა, მანანა
_eშემდგენელი
_924560
700 _a თორდია, რატი
_e დიზაინერი
_924561
942 _cBK
_2udc